01426nam a22002897a 4500003000500000005001700005008004100022020002900063040002300092082001600115100003200131245005500163260004000218300004600258490008000304504006700384520018600451521001000637651001700647654009600664655008700760690001300847700005100860942008000911999001900991952012601010322820250116145437.0250116b sa ||||| |||| 00| 0 eng d a9780791091951qHardcover aRDAbENGLISHc3228 a327.73 AMER a Davenport, John C.9190976 aThe American empire /ceditors. John C. Davenport. aNew York : bChelsea House, c2007. a152 pagesbColour illustrations:c 25 cm. a World in focus. World in focus (Chelsea House Publishers)v9780791 091951 aIncludes bibliographical references (pages 144-145) and index. aSummary: Twelve essays examine imperialism in U.S. history, discussing the country's rise to global power, its use of that power overseas, and the domestic effects of those actions. aAdult aSouth Africa 2Diplomatic relations Imperialism Terrorism—Government policy United States Since 2001 aWar on Terrorism, 2001-2009. War on Terrorism, 2001- Juvenile literature.9191404 281942484 aJames Scotto-Lavino, Takeshi Takahashi9190977 2ddccBOOKw12663xPriscilla Nozizwe Mogaley12663zPriscilla Nozizwe Mogale c771643d771642 00102ddc40708300aMKHULbMKHULcNon_Fictiond2025-01-16l0o327.73 AMERp9780791 091951r2025-01-16w2025-01-16yBOOK